[Event "World Chess Olympiad 2018"]
[Site "Batumi"]
[Date "2018.09.30"]
[Round "6"]
[Board "1"]
[WhiteFideId "1207822"]
[White "Lupulescu Constantin"]
[BlackFideId "4500261"]
[Black "Kulaots Kaido"]
[Result "0-1"]
[LiveChessVersion "1.4.8"]
[BlackElo "2542"]
[WhiteElo "2606"]

1. e4 {[%clk 1:30:59]} c5 {[%clk 1:30:27]} 2. Nf3 {[%clk 1:31:25]} e6
{[%clk 1:30:18]} 3. d4 {[%clk 1:31:50]} cxd4 {[%clk 1:30:43]} 4. Nxd4
{[%clk 1:32:17]} Nc6 {[%clk 1:30:42]} 5. Nc3 {[%clk 1:32:43]} Qc7
{[%clk 1:30:37]} 6. Be3 {[%clk 1:33:01]} a6 {[%clk 1:30:21]} 7. a3
{[%clk 1:33:25]} b5 {[%clk 1:20:58]} 8. Nxc6 {[%clk 1:33:36]} Qxc6
{[%clk 1:17:30]} 9. Be2 {[%clk 1:33:44]} Bb7 {[%clk 1:16:18]} 10. O-O
{[%clk 1:34:00]} Bc5 {[%clk 1:10:54]} 11. Bd4 {[%clk 1:26:33]} Nf6
{[%clk 0:51:33]} 12. Bf3 {[%clk 1:23:40]} Bxd4 {[%clk 0:45:08]} 13. Qxd4
{[%clk 1:22:19]} Qc4 {[%clk 0:42:33]} 14. Qd6 {[%clk 1:12:44]} Bxe4
{[%clk 0:40:06]} 15. Nxe4 {[%clk 1:09:41]} Nxe4 {[%clk 0:40:28]} 16. Qe5
{[%clk 1:08:04]} d5 {[%clk 0:40:36]} 17. Qxg7 {[%clk 1:07:38]} Ke7
{[%clk 0:39:53]} 18. Qh6 {[%clk 0:41:42]} Rhg8 {[%clk 0:32:48]} 19. Qe3
{[%clk 0:40:25]} Ng5 {[%clk 0:18:06]} 20. c3 {[%clk 0:25:40]} Nxf3+
{[%clk 0:16:49]} 21. Qxf3 {[%clk 0:26:07]} Qg4 {[%clk 0:12:50]} 22. Qxg4
{[%clk 0:26:28]} Rxg4 {[%clk 0:13:15]} 23. Rfe1 {[%clk 0:25:50]} Kd6
{[%clk 0:12:49]} 24. Re3 {[%clk 0:24:18]} Rag8 {[%clk 0:12:45]} 25. g3
{[%clk 0:24:30]} a5 {[%clk 0:11:04]} 26. Kg2 {[%clk 0:23:07]} Rc4
{[%clk 0:11:02]} 27. Rd1 {[%clk 0:18:31]} Rb8 {[%clk 0:08:44]} 28. Rf3
{[%clk 0:15:48]} f5 {[%clk 0:06:13]} 29. Rd4 {[%clk 0:14:32]} Rxd4
{[%clk 0:04:42]} 30. cxd4 {[%clk 0:14:52]} b4 {[%clk 0:05:06]} 31. Rf4
{[%clk 0:13:27]} a4 {[%clk 0:02:28]} 32. Rh4 {[%clk 0:13:09]} Rb7
{[%clk 0:02:22]} 33. axb4 {[%clk 0:05:25]} Kc6 {[%clk 0:02:34]} 34. Rh6
{[%clk 0:05:49]} Re7 {[%clk 0:02:52]} 35. Rf6 {[%clk 0:05:57]} Kb5
{[%clk 0:03:03]} 36. Rf8 {[%clk 0:06:13]} Rb7 {[%clk 0:03:17]} 37. Re8
{[%clk 0:05:19]} Rb6 {[%clk 0:03:29]} 38. Rh8 {[%clk 0:05:16]} Rb7
{[%clk 0:01:51]} 39. Re8 {[%clk 0:05:41]} Rb6 {[%clk 0:01:06]} 40. Rh8
{[%clk 0:34:46]} Kxb4 {[%clk 0:31:14]} 41. Rxh7 {[%clk 0:35:03]} Kb3
{[%clk 0:27:17]} 42. Ra7 {[%clk 0:32:18]} Rb4 {[%clk 0:27:27]} 43. h4
{[%clk 0:32:22]} Kxb2 {[%clk 0:27:07]} 44. h5 {[%clk 0:32:29]} a3
{[%clk 0:26:39]} 45. h6 {[%clk 0:31:11]} a2 {[%clk 0:25:32]} 46. f3
{[%clk 0:31:12]} a1=Q {[%clk 0:24:29]} 47. Rxa1 {[%clk 0:29:37]} Kxa1
{[%clk 0:24:55]} 48. g4 {[%clk 0:29:28]} fxg4 {[%clk 0:04:56]} 49. fxg4
{[%clk 0:29:44]} Rb8 {[%clk 0:03:17]} 50. Kf3 {[%clk 0:15:05]} e5
{[%clk 0:03:22]} 51. g5 {[%clk 0:11:46]} e4+ {[%clk 0:03:18]} 52. Kf4
{[%clk 0:08:06]} Rh8 {[%clk 0:02:53]} 53. Kf5 {[%clk 0:08:07]} e3
{[%clk 0:03:06]} 54. g6 {[%clk 0:08:26]} Rf8+ {[%clk 0:02:37]} 0-1

[Event "World Chess Olympiad 2018"]
[Site "Batumi"]
[Date "2018.09.30"]
[Round "6"]
[Board "2"]
[WhiteFideId "4500024"]
[White "Ladva Ottomar"]
[BlackFideId "1204297"]
[Black "Parligras Mircea-Emilian"]
[Result "0-1"]
[LiveChessVersion "1.4.8"]
[BlackElo "2623"]
[WhiteElo "2500"]

1. c4 {[%clk 1:30:57]} Nf6 {[%clk 1:30:33]} 2. Nc3 {[%clk 1:31:21]} c5
{[%clk 1:30:52]} 3. Nf3 {[%clk 1:31:29]} Nc6 {[%clk 1:31:12]} 4. e3
{[%clk 1:31:22]} g6 {[%clk 1:30:51]} 5. d4 {[%clk 1:30:26]} cxd4 {[%clk 1:31:10]}
6. exd4 {[%clk 1:30:49]} d5 {[%clk 1:31:35]} 7. cxd5 {[%clk 1:28:05]} Nxd5
{[%clk 1:31:56]} 8. Qb3 {[%clk 1:27:21]} Nxc3 {[%clk 1:31:51]} 9. Bc4
{[%clk 1:26:51]} e6 {[%clk 1:32:05]} 10. bxc3 {[%clk 1:26:55]} Bd7
{[%clk 1:32:00]} 11. Bd3 {[%clk 1:19:01]} Na5 {[%clk 1:27:54]} 12. Qc2
{[%clk 1:07:47]} Rc8 {[%clk 1:24:34]} 13. O-O {[%clk 1:03:17]} Qc7
{[%clk 1:17:08]} 14. Rb1 {[%clk 0:43:45]} Bg7 {[%clk 1:13:53]} 15. Qe2
{[%clk 0:24:35]} O-O {[%clk 1:12:51]} 16. Ne5 {[%clk 0:24:53]} Nc6
{[%clk 1:09:37]} 17. Nxd7 {[%clk 0:16:00]} Qxd7 {[%clk 1:10:00]} 18. Be3
{[%clk 0:14:50]} Ne7 {[%clk 1:02:16]} 19. c4 {[%clk 0:09:01]} b6 {[%clk 0:51:26]}
20. Rfd1 {[%clk 0:09:11]} Rfd8 {[%clk 0:51:24]} 21. Be4 {[%clk 0:08:26]} Qa4
{[%clk 0:50:56]} 22. Rbc1 {[%clk 0:07:29]} Rd7 {[%clk 0:50:20]} 23. g3
{[%clk 0:06:37]} h6 {[%clk 0:47:24]} 24. h4 {[%clk 0:05:46]} Rcd8
{[%clk 0:47:11]} 25. Kh2 {[%clk 0:04:29]} Qa5 {[%clk 0:36:33]} 26. c5
{[%clk 0:02:55]} Nd5 {[%clk 0:28:53]} 27. Bxd5 {[%clk 0:02:05]} Rxd5
{[%clk 0:28:48]} 28. c6 {[%clk 0:02:34]} Rc8 {[%clk 0:28:17]} 29. Rc4
{[%clk 0:02:30]} Qa6 {[%clk 0:19:54]} 30. Qc2 {[%clk 0:02:43]} b5
{[%clk 0:20:14]} 31. Rc3 {[%clk 0:01:26]} Bf8 {[%clk 0:12:43]} 32. c7
{[%clk 0:01:52]} Qb7 {[%clk 0:12:34]} 33. Rc6 {[%clk 0:01:12]} Bd6
{[%clk 0:08:34]} 34. Rc1 {[%clk 0:01:03]} Kg7 {[%clk 0:07:44]} 35. Kg1
{[%clk 0:00:37]} a5 {[%clk 0:07:21]} 36. Bd2 {[%clk 0:00:37]} a4 {[%clk 0:06:55]}
37. Ba5 {[%clk 0:00:36]} b4 {[%clk 0:02:53]} 38. Qxa4 {[%clk 0:00:57]} Qa7
{[%clk 0:02:44]} 39. Rxd6 {[%clk 0:01:02]} Rxd6 {[%clk 0:03:06]} 40. Qxb4
{[%clk 0:31:04]} Rd7 {[%clk 0:31:19]} 41. a4 {[%clk 0:26:35]} Qa8
{[%clk 0:17:42]} 42. Bb6 {[%clk 0:24:55]} g5 {[%clk 0:16:09]} 43. a5
{[%clk 0:14:10]} gxh4 {[%clk 0:14:00]} 44. gxh4 {[%clk 0:13:39]} Qe4
{[%clk 0:08:51]} 45. Qc3 {[%clk 0:07:39]} Kh8 {[%clk 0:07:44]} 46. Kf1
{[%clk 0:05:43]} Rd5 {[%clk 0:06:12]} 47. Qe3 {[%clk 0:02:36]} Qxh4
{[%clk 0:06:07]} 48. Ke2 {[%clk 0:02:26]} Rb5 {[%clk 0:05:08]} 49. Kd2
{[%clk 0:01:28]} Rf5 {[%clk 0:04:07]} 50. Rg1 {[%clk 0:00:46]} Rxf2+
{[%clk 0:03:21]} 51. Kc1 {[%clk 0:01:15]} Rf5 {[%clk 0:02:05]} 52. Qg3
{[%clk 0:00:46]} Qf6 {[%clk 0:01:49]} 53. Qd6 {[%clk 0:00:56]} Rd5
{[%clk 0:01:41]} 54. Qg3 {[%clk 0:00:56]} Rg5 {[%clk 0:01:40]} 55. Qh2
{[%clk 0:00:54]} Rxg1+ {[%clk 0:01:34]} 56. Qxg1 {[%clk 0:01:23]} Qg5+
{[%clk 0:01:47]} 57. Qxg5 {[%clk 0:01:52]} hxg5 {[%clk 0:02:13]} 58. Kd2
{[%clk 0:01:57]} Kg7 {[%clk 0:01:58]} 59. Kd3 {[%clk 0:00:36]} Kf6
{[%clk 0:02:07]} 60. a6 {[%clk 0:00:33]} Ke7 {[%clk 0:02:19]} 61. Kc4
{[%clk 0:00:32]} Kd6 {[%clk 0:02:16]} 62. Kb5 {[%clk 0:01:00]} g4
{[%clk 0:01:19]} 63. d5 {[%clk 0:00:45]} exd5 {[%clk 0:01:23]} 64. a7
{[%clk 0:00:49]} f5 {[%clk 0:01:22]} 65. Ba5 {[%clk 0:00:39]} g3 {[%clk 0:01:17]}
66. Be1 {[%clk 0:00:35]} Kxc7 {[%clk 0:00:55]} 67. Bxg3+ {[%clk 0:00:46]} Kb7
{[%clk 0:01:21]} 0-1

[Event "World Chess Olympiad 2018"]
[Site "Batumi"]
[Date "2018.09.30"]
[Round "6"]
[Board "3"]
[WhiteFideId "1203975"]
[White "Vajda Levente"]
[BlackFideId "4501950"]
[Black "Volodin Aleksandr"]
[Result "1/2-1/2"]
[LiveChessVersion "1.4.8"]
[BlackElo "2457"]
[WhiteElo "2551"]

1. e4 {[%clk 1:30:54]} c5 {[%clk 1:30:55]} 2. Nf3 {[%clk 1:31:15]} Nc6
{[%clk 1:31:10]} 3. c3 {[%clk 1:31:34]} Nf6 {[%clk 1:31:36]} 4. e5
{[%clk 1:31:59]} Nd5 {[%clk 1:32:03]} 5. d4 {[%clk 1:32:24]} cxd4
{[%clk 1:32:30]} 6. cxd4 {[%clk 1:32:46]} e6 {[%clk 1:32:53]} 7. Bc4
{[%clk 1:33:11]} d6 {[%clk 1:33:20]} 8. O-O {[%clk 1:33:29]} Be7 {[%clk 1:33:47]}
9. Qe2 {[%clk 1:33:54]} O-O {[%clk 1:34:12]} 10. Nc3 {[%clk 1:34:20]} Nxc3
{[%clk 1:28:54]} 11. bxc3 {[%clk 1:34:45]} dxe5 {[%clk 1:28:53]} 12. dxe5
{[%clk 1:35:10]} b6 {[%clk 1:27:19]} 13. Qe4 {[%clk 1:33:00]} Qc7
{[%clk 1:25:13]} 14. Re1 {[%clk 1:21:58]} Rd8 {[%clk 1:18:54]} 15. Qg4
{[%clk 1:20:03]} Bb7 {[%clk 1:06:19]} 16. Bh6 {[%clk 1:19:35]} Bf8
{[%clk 1:05:57]} 17. Re3 {[%clk 1:19:26]} Na5 {[%clk 0:48:54]} 18. Be2
{[%clk 1:09:57]} Bxf3 {[%clk 0:47:14]} 19. Bxf3 {[%clk 1:07:49]} Nc4
{[%clk 0:45:47]} 20. Bxa8 {[%clk 1:06:28]} Nxe3 {[%clk 0:46:08]} 21. Bxe3
{[%clk 1:06:54]} Rxa8 {[%clk 0:46:31]} 22. Bd4 {[%clk 1:07:19]} Rd8
{[%clk 0:39:50]} 23. h4 {[%clk 1:07:35]} Qc4 {[%clk 0:38:15]} 24. h5
{[%clk 1:07:39]} h6 {[%clk 0:38:14]} 25. Qd1 {[%clk 1:02:51]} Bc5
{[%clk 0:32:12]} 26. Qf1 {[%clk 1:02:59]} Qa4 {[%clk 0:30:44]} 27. Bxc5
{[%clk 1:02:44]} bxc5 {[%clk 0:31:10]} 28. Qe2 {[%clk 1:01:10]} Qf4
{[%clk 0:29:09]} 29. g3 {[%clk 0:54:40]} Qf5 {[%clk 0:29:21]} 30. Kg2
{[%clk 0:48:05]} c4 {[%clk 0:27:39]} 31. Re1 {[%clk 0:42:13]} Rd3
{[%clk 0:26:19]} 32. g4 {[%clk 0:42:37]} Qf4 {[%clk 0:19:50]} 33. Qe4
{[%clk 0:40:06]} Qxe4+ {[%clk 0:19:47]} 34. Rxe4 {[%clk 0:40:31]} Rxc3
{[%clk 0:20:14]} 35. Rd4 {[%clk 0:40:42]} Kf8 {[%clk 0:19:18]} 36. Rd8+
{[%clk 0:39:42]} Ke7 {[%clk 0:16:31]} 37. Rc8 {[%clk 0:40:03]} a6
{[%clk 0:07:19]} 38. Rc7+ {[%clk 0:38:30]} Ke8 {[%clk 0:07:41]} 39. a4
{[%clk 0:35:14]} Rc1 {[%clk 0:07:32]} 40. Rc6 {[%clk 1:03:59]} c3
{[%clk 0:37:24]} 41. Rxa6 {[%clk 0:59:41]} Kd7 {[%clk 0:34:23]} 42. Rd6+
{[%clk 0:51:06]} Kc7 {[%clk 0:32:05]} 43. Kf3 {[%clk 0:46:16]} c2
{[%clk 0:28:38]} 44. Rd3 {[%clk 0:43:05]} Kc6 {[%clk 0:28:00]} 45. Rc3+
{[%clk 0:42:33]} Kd5 {[%clk 0:28:19]} 46. a5 {[%clk 0:42:07]} Kd4
{[%clk 0:17:37]} 47. Rc7 {[%clk 0:41:13]} Kd3 {[%clk 0:18:01]} 48. Rd7+
{[%clk 0:39:24]} Kc3 {[%clk 0:18:27]} 49. Rc7+ {[%clk 0:39:27]} Kb3
{[%clk 0:18:54]} 50. Rb7+ {[%clk 0:38:37]} Kc4 {[%clk 0:14:22]} 51. a6
{[%clk 0:38:44]} Ra1 {[%clk 0:14:38]} 52. a7 {[%clk 0:38:37]} Ra3+
{[%clk 0:11:50]} 53. Kg2 {[%clk 0:34:52]} Kd3 {[%clk 0:09:05]} 54. Rd7+
{[%clk 0:34:21]} Ke4 {[%clk 0:09:08]} 55. Rc7 {[%clk 0:34:33]} Rxa7
{[%clk 0:08:39]} 56. Rxc2 {[%clk 0:34:55]} Kxe5 {[%clk 0:09:04]} 57. Rc5+
{[%clk 0:28:10]} Kf4 {[%clk 0:08:33]} 58. Rc4+ {[%clk 0:28:35]} Kg5
{[%clk 0:08:43]} 59. Kg3 {[%clk 0:29:01]} f5 {[%clk 0:06:57]} 60. Rc5
{[%clk 0:28:49]} Ra3+ {[%clk 0:06:17]} 61. f3 {[%clk 0:29:04]} Rd3
{[%clk 0:06:10]} 62. gxf5 {[%clk 0:28:08]} exf5 {[%clk 0:06:16]} 63. Ra5
{[%clk 0:28:02]} Rd7 {[%clk 0:05:02]} 64. f4+ {[%clk 0:28:15]} Kf6
{[%clk 0:04:20]} 65. Rb5 {[%clk 0:26:26]} Rd3+ {[%clk 0:03:15]} 66. Kg2
{[%clk 0:26:49]} Re3 {[%clk 0:03:20]} 67. Ra5 {[%clk 0:27:13]} g6
{[%clk 0:03:15]} 68. hxg6 {[%clk 0:27:18]} Kxg6 {[%clk 0:03:41]} 69. Ra6+
{[%clk 0:27:27]} Kh5 {[%clk 0:04:02]} 70. Rf6 {[%clk 0:27:33]} Kg4
{[%clk 0:04:28]} 71. Rxh6 {[%clk 0:27:59]} Re2+ {[%clk 0:03:55]} 72. Kf1
{[%clk 0:28:00]} Rc2 {[%clk 0:04:01]} 73. Ra6 {[%clk 0:28:01]} Kxf4
{[%clk 0:04:10]} 74. Ra4+ {[%clk 0:28:25]} Kg3 {[%clk 0:04:33]} 75. Ra3+
{[%clk 0:28:52]} Kg4 {[%clk 0:05:00]} 76. Ra4+ {[%clk 0:29:18]} f4
{[%clk 0:04:09]} 77. Ra3 {[%clk 0:29:43]} 1/2-1/2

[Event "World Chess Olympiad 2018"]
[Site "Batumi"]
[Date "2018.09.30"]
[Round "6"]
[Board "4"]
[WhiteFideId "4500458"]
[White "Sirosh Ilja"]
[BlackFideId "1211668"]
[Black "Chirila Ioan-Cristian"]
[Result "1/2-1/2"]
[LiveChessVersion "1.4.8"]
[BlackElo "2576"]
[WhiteElo "2380"]

1. d4 {[%clk 1:30:57]} Nf6 {[%clk 1:30:48]} 2. c4 {[%clk 1:31:22]} g6
{[%clk 1:31:12]} 3. g3 {[%clk 1:31:48]} Bg7 {[%clk 1:31:20]} 4. Bg2
{[%clk 1:32:13]} d5 {[%clk 1:31:30]} 5. cxd5 {[%clk 1:32:37]} Nxd5
{[%clk 1:31:56]} 6. Nf3 {[%clk 1:33:01]} O-O {[%clk 1:32:11]} 7. O-O
{[%clk 1:33:25]} Nb6 {[%clk 1:32:38]} 8. Nc3 {[%clk 1:33:47]} Nc6
{[%clk 1:32:58]} 9. e3 {[%clk 1:34:11]} Re8 {[%clk 1:33:09]} 10. Nh4
{[%clk 1:34:35]} e5 {[%clk 1:33:07]} 11. d5 {[%clk 1:34:59]} Ne7 {[%clk 1:33:09]}
12. e4 {[%clk 1:34:48]} Bd7 {[%clk 1:33:16]} 13. Qb3 {[%clk 1:34:42]} c6
{[%clk 1:30:50]} 14. a4 {[%clk 1:34:33]} cxd5 {[%clk 1:23:08]} 15. exd5
{[%clk 1:34:57]} Qc7 {[%clk 1:01:53]} 16. Bg5 {[%clk 1:17:40]} Qc4
{[%clk 0:56:33]} 17. Qxc4 {[%clk 0:46:08]} Nxc4 {[%clk 0:56:54]} 18. Ne4
{[%clk 0:30:14]} h6 {[%clk 0:33:19]} 19. Bxe7 {[%clk 0:22:45]} Rxe7
{[%clk 0:33:43]} 20. Rfc1 {[%clk 0:22:29]} Rc8 {[%clk 0:27:44]} 21. b3
{[%clk 0:16:56]} Nb6 {[%clk 0:20:01]} 22. Nd6 {[%clk 0:14:10]} e4
{[%clk 0:10:34]} 23. Nxc8 {[%clk 0:09:33]} Nxc8 {[%clk 0:11:00]} 24. Rxc8+
{[%clk 0:08:23]} Bxc8 {[%clk 0:11:25]} 25. Rc1 {[%clk 0:08:49]} Bg4
{[%clk 0:06:09]} 26. h3 {[%clk 0:06:37]} Be2 {[%clk 0:05:36]} 27. d6
{[%clk 0:04:00]} Rd7 {[%clk 0:05:57]} 28. Bxe4 {[%clk 0:04:04]} Rxd6
{[%clk 0:04:12]} 29. Bxb7 {[%clk 0:04:12]} Bd1 {[%clk 0:04:20]} 30. Rc8+
{[%clk 0:01:04]} Kh7 {[%clk 0:04:30]} 31. a5 {[%clk 0:00:35]} Bxb3
{[%clk 0:04:36]} 32. Nf3 {[%clk 0:00:51]} a6 {[%clk 0:02:37]} 33. Rc7
{[%clk 0:00:33]} Bf6 {[%clk 0:02:28]} 34. Kg2 {[%clk 0:00:37]} Kg7
{[%clk 0:02:46]} 35. Rc5 {[%clk 0:00:35]} Ba4 {[%clk 0:02:48]} 36. h4
{[%clk 0:00:36]} Be7 {[%clk 0:01:59]} 37. Re5 {[%clk 0:00:46]} Bd8
{[%clk 0:02:11]} 38. h5 {[%clk 0:00:33]} Bb5 {[%clk 0:01:55]} 39. hxg6
{[%clk 0:00:59]} fxg6 {[%clk 0:02:08]} 40. Rc5 {[%clk 0:30:34]} Rd7
{[%clk 0:30:34]} 41. Bc6 {[%clk 0:21:31]} Bxc6 {[%clk 0:25:51]} 42. Rxc6
{[%clk 0:21:55]} Rd5 {[%clk 0:25:50]} 43. Rxa6 {[%clk 0:22:11]} Bxa5
{[%clk 0:25:42]} 44. g4 {[%clk 0:21:04]} Bd8 {[%clk 0:25:31]} 45. Ra7+
{[%clk 0:20:58]} Kf6 {[%clk 0:23:36]} 46. Rh7 {[%clk 0:20:01]} h5
{[%clk 0:23:46]} 47. gxh5 {[%clk 0:19:49]} gxh5 {[%clk 0:23:51]} 48. Ra7
{[%clk 0:18:41]} Kf5 {[%clk 0:22:56]} 49. Ra4 {[%clk 0:18:02]} Bf6
{[%clk 0:23:06]} 50. Kg3 {[%clk 0:18:12]} Kg6 {[%clk 0:21:16]} 51. Nh4+
{[%clk 0:18:19]} Bxh4+ {[%clk 0:21:25]} 1/2-1/2

[Event "World Chess Olympiad 2018"]
[Site "Batumi"]
[Date "2018.09.30"]
[Round "6"]
[Board "1"]
[WhiteFideId "1900072"]
[White "Galego Luis"]
[BlackFideId "5201322"]
[Black "Paciencia Enrique"]
[Result "1-0"]
[LiveChessVersion "1.4.8"]
[BlackElo "2335"]
[WhiteElo "2471"]

1. e4 {[%clk 1:30:54]} e5 {[%clk 1:30:33]} 2. Nf3 {[%clk 1:30:59]} Nc6
{[%clk 1:30:45]} 3. Bb5 {[%clk 1:29:42]} a6 {[%clk 1:30:24]} 4. Ba4
{[%clk 1:30:08]} Nf6 {[%clk 1:30:33]} 5. d3 {[%clk 1:29:34]} d6 {[%clk 1:29:55]}
6. Bxc6+ {[%clk 1:25:45]} bxc6 {[%clk 1:30:20]} 7. O-O {[%clk 1:25:56]} c5
{[%clk 1:25:57]} 8. c3 {[%clk 1:24:20]} Be7 {[%clk 1:25:16]} 9. Re1
{[%clk 1:22:52]} O-O {[%clk 1:19:50]} 10. d4 {[%clk 1:21:36]} Bb7
{[%clk 1:16:50]} 11. Qc2 {[%clk 1:06:36]} cxd4 {[%clk 1:12:31]} 12. cxd4
{[%clk 1:07:03]} d5 {[%clk 1:10:43]} 13. dxe5 {[%clk 0:59:57]} Nxe4
{[%clk 1:11:03]} 14. Nc3 {[%clk 0:59:52]} Nxc3 {[%clk 0:57:16]} 15. bxc3
{[%clk 1:00:11]} c5 {[%clk 0:55:49]} 16. Rb1 {[%clk 0:58:52]} Bc6
{[%clk 0:53:24]} 17. Qf5 {[%clk 0:57:39]} Qc8 {[%clk 0:41:18]} 18. Qh5
{[%clk 0:53:41]} Qe6 {[%clk 0:36:11]} 19. Bg5 {[%clk 0:49:10]} Rab8
{[%clk 0:34:16]} 20. Bxe7 {[%clk 0:48:23]} Qxe7 {[%clk 0:34:38]} 21. Qf5
{[%clk 0:42:42]} h6 {[%clk 0:29:29]} 22. Qf4 {[%clk 0:37:17]} Qe6
{[%clk 0:28:44]} 23. Nd2 {[%clk 0:35:54]} Rfd8 {[%clk 0:25:33]} 24. Rxb8
{[%clk 0:35:13]} Rxb8 {[%clk 0:25:52]} 25. Nb3 {[%clk 0:35:40]} Rb5
{[%clk 0:25:02]} 26. h4 {[%clk 0:34:45]} Qg6 {[%clk 0:24:22]} 27. e6
{[%clk 0:30:46]} d4 {[%clk 0:16:33]} 28. exf7+ {[%clk 0:28:56]} Qxf7
{[%clk 0:16:35]} 29. Qd6 {[%clk 0:28:35]} Qd5 {[%clk 0:12:56]} 30. Qg6
{[%clk 0:29:04]} Qd7 {[%clk 0:05:41]} 31. c4 {[%clk 0:28:36]} Rb6
{[%clk 0:04:16]} 32. Nxc5 {[%clk 0:28:48]} Qf7 {[%clk 0:04:07]} 33. Qd6
{[%clk 0:27:55]} Rb2 {[%clk 0:03:24]} 34. Nd3 {[%clk 0:25:54]} Rd2
{[%clk 0:01:05]} 35. Qxc6 {[%clk 0:26:13]} 1-0

[Event "World Chess Olympiad 2018"]
[Site "Batumi"]
[Date "2018.09.30"]
[Round "6"]
[Board "2"]
[WhiteFideId "8602425"]
[White "Gong Qianyun"]
[BlackFideId "1900030"]
[Black "Damaso Rui"]
[Result "1/2-1/2"]
[LiveChessVersion "1.4.8"]
[BlackElo "2440"]
[WhiteElo "2321"]

1. e4 {[%clk 1:30:56]} c5 {[%clk 1:30:51]} 2. Nf3 {[%clk 1:31:20]} d6
{[%clk 1:31:15]} 3. Bb5+ {[%clk 1:31:38]} Nd7 {[%clk 1:30:56]} 4. O-O
{[%clk 1:31:52]} a6 {[%clk 1:31:01]} 5. Bd3 {[%clk 1:32:14]} Ngf6
{[%clk 1:29:16]} 6. Re1 {[%clk 1:32:13]} g6 {[%clk 1:28:22]} 7. c3
{[%clk 1:30:58]} Bg7 {[%clk 1:27:19]} 8. Bc2 {[%clk 1:26:22]} Ne5
{[%clk 1:27:05]} 9. d4 {[%clk 1:24:00]} Nxf3+ {[%clk 1:27:19]} 10. Qxf3
{[%clk 1:23:51]} O-O {[%clk 1:25:25]} 11. e5 {[%clk 1:15:33]} Nd7
{[%clk 1:11:32]} 12. Qg3 {[%clk 1:06:30]} Qb6 {[%clk 1:02:31]} 13. dxc5
{[%clk 1:04:58]} Nxc5 {[%clk 1:02:45]} 14. exd6 {[%clk 1:04:12]} exd6
{[%clk 0:59:21]} 15. Nd2 {[%clk 0:55:49]} Be6 {[%clk 0:57:50]} 16. Nf3
{[%clk 0:46:51]} Rac8 {[%clk 0:48:34]} 17. Qh4 {[%clk 0:37:19]} Rfe8
{[%clk 0:43:01]} 18. Rd1 {[%clk 0:32:45]} d5 {[%clk 0:39:00]} 19. Rb1
{[%clk 0:24:45]} d4 {[%clk 0:32:53]} 20. Bh6 {[%clk 0:19:19]} d3 {[%clk 0:26:43]}
21. Ba4 {[%clk 0:12:12]} Nxa4 {[%clk 0:17:00]} 22. Bxg7 {[%clk 0:12:38]} Kxg7
{[%clk 0:17:09]} 23. Qxa4 {[%clk 0:13:04]} Bc4 {[%clk 0:16:50]} 24. Nd4
{[%clk 0:12:28]} Re4 {[%clk 0:15:44]} 25. h3 {[%clk 0:09:46]} Qc5
{[%clk 0:12:48]} 26. Qd7 {[%clk 0:06:13]} Rc7 {[%clk 0:11:09]} 27. Qd8
{[%clk 0:06:38]} Rc8 {[%clk 0:07:26]} 28. Qd7 {[%clk 0:07:06]} Rc7
{[%clk 0:07:03]} 29. Qd8 {[%clk 0:07:34]} a5 {[%clk 0:06:33]} 30. Rbc1
{[%clk 0:05:45]} Rce7 {[%clk 0:06:43]} 31. b3 {[%clk 0:05:11]} Qg5
{[%clk 0:05:10]} 32. Qd6 {[%clk 0:03:47]} Bd5 {[%clk 0:03:34]} 33. Qg3
{[%clk 0:02:13]} Qxg3 {[%clk 0:02:01]} 34. fxg3 {[%clk 0:02:42]} Re3
{[%clk 0:02:19]} 35. c4 {[%clk 0:02:20]} Bc6 {[%clk 0:02:32]} 36. g4
{[%clk 0:01:36]} Kf6 {[%clk 0:01:42]} 37. Rd2 {[%clk 0:01:20]} Ke5
{[%clk 0:01:58]} 38. Nxc6+ {[%clk 0:01:34]} bxc6 {[%clk 0:02:24]} 39. c5
{[%clk 0:01:48]} Rd7 {[%clk 0:02:29]} 40. Kf2 {[%clk 0:31:54]} Ke4
{[%clk 0:32:48]} 41. a3 {[%clk 0:27:50]} f5 {[%clk 0:23:34]} 42. gxf5
{[%clk 0:28:07]} gxf5 {[%clk 0:24:01]} 43. b4 {[%clk 0:25:41]} axb4
{[%clk 0:22:52]} 44. axb4 {[%clk 0:26:06]} f4 {[%clk 0:23:10]} 45. b5
{[%clk 0:17:19]} f3 {[%clk 0:08:54]} 46. bxc6 {[%clk 0:07:08]} Rf7
{[%clk 0:08:34]} 47. Rc4+ {[%clk 0:07:06]} Kd5 {[%clk 0:08:36]} 48. Rf4
{[%clk 0:06:16]} Re2+ {[%clk 0:06:50]} 49. Rxe2 {[%clk 0:06:25]} Rxf4
{[%clk 0:07:14]} 50. Re8 {[%clk 0:05:58]} Kxc6 {[%clk 0:04:15]} 51. Rd8
{[%clk 0:06:18]} 1/2-1/2

[Event "World Chess Olympiad 2018"]
[Site "Batumi"]
[Date "2018.09.30"]
[Round "6"]
[Board "3"]
[WhiteFideId "1909991"]
[White "Martins David Pires Tavares"]
[BlackFideId "5804167"]
[Black "Lee Qing Aun"]
[Result "1/2-1/2"]
[LiveChessVersion "1.4.8"]
[BlackElo "2297"]
[WhiteElo "2402"]

1. d4 {[%clk 1:30:53]} d5 {[%clk 1:30:03]} 2. c4 {[%clk 1:31:17]} e6
{[%clk 1:30:13]} 3. Nc3 {[%clk 1:31:25]} c5 {[%clk 1:30:27]} 4. cxd5
{[%clk 1:31:47]} cxd4 {[%clk 1:30:46]} 5. Qa4+ {[%clk 1:31:48]} Bd7
{[%clk 1:30:50]} 6. Qxd4 {[%clk 1:32:09]} exd5 {[%clk 1:31:11]} 7. Qxd5
{[%clk 1:32:32]} Nc6 {[%clk 1:31:25]} 8. Nf3 {[%clk 1:32:53]} Nf6
{[%clk 1:31:28]} 9. Qb3 {[%clk 1:33:09]} Be6 {[%clk 1:29:23]} 10. Qc2
{[%clk 1:33:26]} Qb6 {[%clk 1:09:47]} 11. e3 {[%clk 1:33:05]} Bd6
{[%clk 1:09:11]} 12. Be2 {[%clk 1:32:19]} O-O {[%clk 1:09:06]} 13. O-O
{[%clk 1:31:31]} Rac8 {[%clk 1:07:53]} 14. Rd1 {[%clk 1:28:30]} Ne5
{[%clk 1:02:51]} 15. Nd4 {[%clk 1:20:05]} Bb8 {[%clk 0:52:16]} 16. f4
{[%clk 1:15:47]} Nc4 {[%clk 0:47:05]} 17. Qb3 {[%clk 1:15:38]} Qc5
{[%clk 0:29:30]} 18. Nxe6 {[%clk 1:05:49]} fxe6 {[%clk 0:29:49]} 19. Rd4
{[%clk 1:05:43]} Nb6 {[%clk 0:27:39]} 20. Qxe6+ {[%clk 0:55:25]} Kh8
{[%clk 0:27:58]} 21. Bd2 {[%clk 0:55:44]} Rcd8 {[%clk 0:25:13]} 22. b4
{[%clk 0:38:58]} Qc7 {[%clk 0:24:22]} 23. Nb5 {[%clk 0:38:21]} Qc6
{[%clk 0:21:36]} 24. Qxc6 {[%clk 0:36:03]} bxc6 {[%clk 0:22:04]} 25. Rxd8
{[%clk 0:36:04]} Rxd8 {[%clk 0:22:33]} 26. Nd4 {[%clk 0:36:26]} Bxf4
{[%clk 0:20:07]} 27. Rd1 {[%clk 0:35:08]} Bh6 {[%clk 0:16:11]} 28. Bf3
{[%clk 0:32:35]} Nc4 {[%clk 0:15:20]} 29. Bc1 {[%clk 0:31:18]} Bxe3+
{[%clk 0:13:14]} 30. Bxe3 {[%clk 0:31:41]} Nxe3 {[%clk 0:13:43]} 31. Re1
{[%clk 0:30:58]} Rxd4 {[%clk 0:08:24]} 32. Rxe3 {[%clk 0:31:23]} Rxb4
{[%clk 0:08:44]} 33. Ra3 {[%clk 0:31:21]} Rb7 {[%clk 0:07:36]} 34. Bxc6
{[%clk 0:31:43]} Rc7 {[%clk 0:08:05]} 35. Bf3 {[%clk 0:31:56]} g5
{[%clk 0:07:20]} 36. Kf2 {[%clk 0:30:54]} Kg7 {[%clk 0:07:03]} 37. Ke3
{[%clk 0:30:58]} h5 {[%clk 0:05:47]} 38. Ra6 {[%clk 0:30:20]} g4 {[%clk 0:04:22]}
39. Ba8 {[%clk 0:30:22]} Rf7 {[%clk 0:02:43]} 40. Kf4 {[%clk 0:59:03]} Nh7+
{[%clk 0:30:50]} 41. Ke5 {[%clk 0:55:06]} Nf6 {[%clk 0:26:55]} 42. Re6
{[%clk 0:51:47]} Nd7+ {[%clk 0:23:21]} 43. Kd6 {[%clk 0:52:07]} Nb6
{[%clk 0:23:38]} 44. Be4 {[%clk 0:51:46]} Rf6 {[%clk 0:19:53]} 45. Rxf6
{[%clk 0:23:57]} Kxf6 {[%clk 0:20:22]} 46. Bd5 {[%clk 0:24:12]} g3
{[%clk 0:11:15]} 47. h3 {[%clk 0:21:09]} Nxd5 {[%clk 0:09:44]} 48. Kxd5
{[%clk 0:21:35]} Kf5 {[%clk 0:10:12]} 49. a4 {[%clk 0:19:13]} Kf4
{[%clk 0:10:19]} 50. Kd4 {[%clk 0:19:37]} a5 {[%clk 0:10:03]} 51. Kd3
{[%clk 0:20:01]} h4 {[%clk 0:10:08]} 52. Kd4 {[%clk 0:20:25]} Kf5
{[%clk 0:10:32]} 53. Ke3 {[%clk 0:17:25]} Ke5 {[%clk 0:10:57]} 54. Kf3
{[%clk 0:17:51]} Kf5 {[%clk 0:11:26]} 55. Ke3 {[%clk 0:18:16]} 1/2-1/2